Die bevölkerungsreichsten Länder der EU – Whammies - Statistiken

Allgemein
  • Dieses Quiz wurde 14.844 mal gespielt
  • Das Durchschnittsergebnis liegt bei 9 aus 12
Antwortstatistiken
Einwohner Land % Korrekt
83,4 Mio. Deutschland
100%
68,4 Mio. Frankreich
99%
48,6 Mio. Spanien
98%
58,9 Mio. Italien
94%
36,6 Mio. Polen
92%
10,6 Mio. Portugal
78%
10,5 Mio. Schweden
71%
17,9 Mio. Niederlande
69%
10,9 Mio. Tschechien
62%
10,4 Mio. Griechenland
61%
19,1 Mio. Rumänien
61%
11,8 Mio. Belgien
59%
Keine übereinstimmenden Quizze gefunden
Verteilung der Resultate
Anzahl Personen mit jedem Resultat
Perzentil nach korrekt beantworteten Fragen
Ihre Resultats-Entwicklung
Sie haben dieses Quiz noch nicht gespielt